| 000 | 00725nam a2200205 i 4500 | ||
|---|---|---|---|
| 001 | 160129 | ||
| 003 | ES-MaACL | ||
| 005 | 20230906211938.0 | ||
| 008 | 970902s1881 sp |||| | spa d | ||
| 040 |
_aCARM _bspa _cCCPB | SIC |
||
| 100 | 1 |
_aMorales Diaz, Gustavo. _9130135 |
|
| 245 | 1 | 3 |
_aLa evolución / _cGustavo Morales Diaz. |
| 260 |
_aMadrid : _bLibreria Universal, _c1881 ( _fImp. de la Biblioteca del Pueblo) |
||
| 300 |
_a72 p. ; _c17 cm. |
||
| 490 | 1 |
_aBiblioteca del pueblo ; _v9 |
|
| 650 | 4 |
_aEvolución. _912625 |
|
| 830 | 0 |
_aBiblioteca del pueblo ; _v9 _9187680 |
|
| 852 |
_aES-MaACL _jT-402-F-10 -- Enc. hol. _z-- Dedicatoria ms. del socio José Rodriguez al Ateneo de Madrid |
||
| 999 |
_c160129 _d160129 |
||